Marianna Veremi : the stuff of dreams.

Saved in:
Bibliographic Details
Main Author: Βερέμη, Μαριάννα
Format: Book
Language:English
Published: [Athens] : Nereus, 2009.
Subjects:
Tags: Add Tag
No Tags, Be the first to tag this record!

MARC

LEADER 00000cam a2200000 a 4500
001 1/111388
008 160720s2009####gr | ||| |||| ||eng||
040 |a GR-MyUa  |b gre  |c GR-MyUa  |e AACR2 
041 0 |a eng 
082 7 |a 700.92   |2 (23)  
100 1 |a Βερέμη, Μαριάννα. 
245 1 0 |a Marianna Veremi :   |b the stuff of dreams.  
260 |a [Athens] :   |b Nereus,   |c 2009. 
300 |a [12] φύλλα :   |b εικ. ;   |c 22 εκ.  
500 |a Κατάλογος έκθεσης: 9 rue Chaptal, 75009, Paris, Dec 2009.  
600 1 7 |2 nlgaf  |a Βερέμη, Μαριάννα  |v Exhibitions. 
852 |a INST  |b SYROS  |e 20160720  |h 700.92 ΒΕΡ  |p 005500012674  |q 005500012674  |t BK  |y 0 
970 |a Κοντού  |b Παρασκευή  |z 20/07/2016